000 00785nam a2200253 i 4500
001 bg
100 1 _aRAY, Erik T.
245 1 0 _aNauka języka XML /
_cErik T. Ray ; [tł. Grzegorz Werner].
246 _iTyt. oryg.:
_aLearning XML
260 _aWarszawa :
_b"RM",
_ccop. 2001.
300 _aX, 353, [1] s. :
_bil. ;
_c24 cm.
500 _aTyt. oryg.: "Learning XML" 2001. - Na okł. podtyt.: tworzenie samoopisujących się danych.
504 _aIndeks.
650 9 _aXML
655 _aPodręczniki
020 _a8372431779
040 _cBPK
041 1 _apl
_hen
080 _a004.438A/Z:004.738.52](07)
920 _a83-7243-177-9
942 _cKS
008 s pl f |000 0 pol
999 _c40053
_d40053
856 _uhttp://koha.tu.koszalin.pl/cgi-bin/koha/opac-detail.pl?biblionumber=40053
_yKatalog online BPK